Tratado libre de comercio entre Centroamérica y Estados Unidos. La agenda Integral de Cooperación del Tratado Libre de Comercio entre Centroamérica y Estados Unidos: apoyando el desarrollo de Costa Rica /

Guardat en:
Dades bibliogràfiques
Autor corporatiu: Costa Rica. Ministerio de Comercio Exterior
Format: Text
Idioma:Spanish
Publicat: San José: COMEX
Matèries:
Etiquetes: Afegir etiqueta
Sense etiquetes, Sigues el primer a etiquetar aquest registre!

MARC

LEADER 00000 a a2200000 04500
001 32538
003 CRAI/IIS
005 20210520154646.0
008 210520b |||||||| |||| 00| 0 spa d
040 |a Centro de Recursos para el Aprendizaje y la Investigación  |b Español  |c CRAI/IIS 
090 |a 09.05.01 C8375t vol.2 
110 |a Costa Rica. Ministerio de Comercio Exterior  
245 |a Tratado libre de comercio entre Centroamérica y Estados Unidos. La agenda Integral de Cooperación del Tratado Libre de Comercio entre Centroamérica y Estados Unidos:   |b apoyando el desarrollo de Costa Rica /   |c Costa Rica. Ministerio de Comercio Exterior 
260 |a San José:   |b COMEX  
300 |a 8 p.; v. 2  
500 |a Colección Centroamérica 
650 |a TLC  
650 |a NEGOCIACIONES COMERCIALES  
650 |a COSTA RICA  
852 1 1 |a 09.05.01 C8375t vol.2 
942 |2 ddc  |c LI  |h 09.05.01 C8375t vol.2  |k 09.05.01  |m C8375t vol.2  |6 090501_C8375T_VOL2 
999 |c 14866  |d 14866